000 01089cam a22003137a 4500
999 _c1171
_d1171
001 4372305
003 CaAEU
005 20210624080047.0
008 030512s2004 mau a 001 0 eng d
020 _a0618405410
035 _aocn945365834
040 _beng
_cALUPE UNIVERSITY
050 0 0 _aPE1408
_b.C54367 2004
082 0 0 _a808/.042
_222
090 _a808.042 C697 2004
090 _aPE1408 .C54367 2004
_bAEGMCT
245 0 4 _aThe college writer :
_ba guide to thinking, writing and researching /
_cRandall VanderMey ... [et al.].
246 3 0 _aGuide to thinking, writing and researching
260 _aBoston :
_bHoughton Mifflin,
_cc2004.
300 _a700 p. :
_bill. +;
_e2 CD-ROM
336 _atext
_btxt
_2rdacontent
337 _aunmediated
_bn
_2rdamedia
338 _avolume
_bnc
_2rdacarrier
520 _aThe College Writer is a rhetoric, reader, research guide, and handbook that offers streamlined, nuts-and-bolts writing instruction.
650 0 _aEnglish language
_xRhetoric.
650 0 _aReport writing.
700 1 _aVanderMey, Randall.
942 _2lcc
_cBK
_nMM